US States and State Capitals Quiz - Statistics

General Stats
  • This quiz has been taken 323 times
  • The average score is 84 of 100
Answer Stats
Hint State / Capital % Correct
S Arizona
97%
S Alaska
95%
S California
94%
S Alabama
93%
S Arkansas
93%
S New Mexico
93%
S Delaware
92%
S Florida
92%
S Georgia
92%
S Oregon
92%
S Texas
92%
S Idaho
91%
S Illinois
91%
S Kentucky
91%
S New York
91%
S North Dakota
91%
S Washington
91%
S Hawaii
90%
S Michigan
90%
S South Dakota
90%
SC Atlanta
89%
S Indiana
89%
S Kansas
89%
S Louisiana
89%
S Maine
89%
S Maryland
89%
S North Carolina
89%
S Oklahoma
89%
SC Sacramento
89%
S South Carolina
89%
S Tennessee
89%
S Colorado
88%
S Mississippi
88%
S Montana
88%
S New Jersey
88%
S Rhode Island
88%
SC Albany
86%
SC Honolulu
86%
S Iowa
86%
S Massachusetts
86%
S Nebraska
86%
S Nevada
86%
S New Hampshire
86%
S Ohio
86%
S Pennsylvania
86%
S Vermont
86%
S Virginia
86%
S West Virginia
86%
SC Austin
85%
SC Boston
85%
S Connecticut
85%
S Minnesota
85%
S Utah
85%
S Wyoming
85%
SC Juneau
84%
S Wisconsin
84%
SC Indianapolis
83%
SC Baton Rouge
82%
SC Denver
82%
S Missouri
82%
SC Tallahassee
82%
SC Jackson
81%
SC Phoenix
81%
SC Augusta
80%
SC Boise
80%
SC Oklahoma City
80%
SC Salem
80%
SC Annapolis
78%
SC Bismarck
78%
SC Charleston
78%
SC Columbus
78%
SC Dover
78%
SC Hartford
78%
SC Nashville
78%
SC Olympia
78%
SC Santa Fe
78%
SC Carson City
77%
SC Little Rock
77%
SC Pierre
77%
SC Providence
77%
SC Des Moines
76%
SC Frankfort
76%
SC Helena
76%
SC Lansing
76%
SC Richmond
76%
SC Salt Lake City
76%
SC Springfield
76%
SC Columbia
75%
SC Madison
75%
SC Saint Paul
75%
SC Cheyenne
74%
SC Lincoln
74%
SC Raleigh
74%
SC Concord
73%
SC Harrisburg
73%
SC Jefferson City
73%
SC Montgomery
73%
SC Montpelier
73%
SC Topeka
73%
SC Trenton
73%
No matching quizzes found
Score Distribution
Percent of People with Each Score
Percentile by Number Answered
Your Score History
You have not taken this quiz